|
|
|
|
| LEADER |
00000nam a2200000 a 4500 |
| 001 |
vtls001122809 |
| 003 |
SK-MaSNL |
| 005 |
20260301093416.0 |
| 008 |
180815s1987 xo 0 slo |
| 015 |
|
|
|a SNBA1988/11
|
| 035 |
|
|
|a SNK000065652
|
| 040 |
|
|
|a SNK
|b slo
|c SNK
|e AACR2
|
| 041 |
0 |
|
|a slo
|
| 044 |
|
|
|a xo
|c SK
|
| 080 |
|
|
|a 885.4-2
|2 1981
|
| 100 |
1 |
|
|a Ormis, Samuel,
|d 1824-1875
|4 aut
|9 125570
|
| 245 |
1 |
0 |
|a Mataj
|b činohra v štyroch dejoch
|c Samuel Ormis, Božena Čahojová-Bernátová
|
| 250 |
|
|
|a 1. vyd.
|
| 260 |
|
|
|a Bratislava
|b Lita
|c 1987
|e Bratislava
|f LITA
|
| 300 |
|
|
|a 127 s.
|c 29 cm
|
| 500 |
|
|
|a Nepredajné. Rozmnoženina
|
| 655 |
|
7 |
|a slovenské drámy
|2 SNKPH
|9 70606
|
| 700 |
1 |
|
|a Čahojová-Bernátová, Božena,
|d 1949-
|4 aut
|9 117861
|
| 958 |
|
|
|a OND
|
| 958 |
|
|
|a LX
|
| 958 |
|
|
|a RM
|
| 999 |
|
|
|c 676921
|d 678851
|
| 952 |
|
|
|a SNK
|b SNK
|y PREZ
|7 0
|p 17A0833250
|o snkSB 43808
|0 0
|1 0
|4 0
|d 2012-07-13
|f 1
|l 0
|r 2025-05-09 00:00:00
|w 2026-02-23
|
| 952 |
|
|
|t P60, <05>, [BOOK], {605}
|a SNK
|b SNK
|y PREZ
|7 0
|p 17A0155103
|o snkSB 43808 D1
|0 0
|1 0
|4 0
|d 1998-08-19
|l 0
|r 2004-12-31 00:00:00
|w 2026-02-23
|